| 000 | 00000nam##2200000za#4500 |
| 001 | 9.691830 |
| 003 | CaOODSP |
| 005 | 20210624232936 |
| 007 | cr ||||||||||| |
| 008 | 150407|2006||||xxc|||||o f|0| 0 eng|d |
| 040 | |aCaOODSP|beng |
| 043 | |an-cn--- |
| 086 | 1 |aEn108-4/45-2006E-PDF |
| 110 | 1 |aCanada.|bCanadian Council of Ministers of the Environment. |
| 245 | 10|aReview of the state of knowledge of municipal effluent science and research : |h[electronic resource]|breview of existing and emerging technologies, review of wastewater treatment best management practices |
| 260 | |bCanadian Council of Ministers of the Environment |cJanuary 2006. |
| 300 | |a94p.|bcoloured map, references, tables |
| 500 | |a"Report Prepared for: Development Committee for the MWWE Canada-Wide Strategy, Canadian Council of Ministers of the Environment, ... by: Hydromantis Inc., University of Waterloo, Dept. of Civil Engineering". |
| 590 | |a10-14-Supp|b2010-12-03 |
| 690 | 07|aWaste water|2gcpds |
| 690 | 07|aWater management|2gcpds |
| 690 | 07|aWaste management|2gcpds |
| 710 | 2 |aUniversity of Waterloo, Dept. of Civil Engineering. |
| 710 | 2 |aHydromantis Inc. |
| 856 | 40|ahttp://publications.gc.ca|qPDF|s525 KB|uhttps://publications.gc.ca/collections/collection_2010/ccme/En108-4-45-2006-eng.pdf |
| 986 | |aPN 1357 |